| 000 | 01687 a2200217 4500 | ||
|---|---|---|---|
| 001 | 54383 | ||
| 005 | 20260407155816.0 | ||
| 008 | 260407a1956 arg spa d | ||
| 003 | AR-UNSa-BCEJYS | ||
| 040 |
_aAR-UNSa-BCEJYS _bspa _cAR-UNSa-BCEJYS |
||
| 080 |
_a351.72 _xFinanzas públicas. Legislación (Contabilidad Pública, Administración financiera...) |
||
| 245 | 1 | 0 | _aHacienda pública |
| 264 | 1 |
_aMadrid : _bAguilar _c1956 |
|
| 300 |
_a392 p. _c22 cm. |
||
| 505 | _aPrimera parte: La contabilidad pública - I. El Estado como empresario y productor - II. Naturaleza del gasto público - III. La elaboración de la política financiera - IV. El control del gasto público - V. El ingreso público - VI. El balance del sector público - Segunda parte: Teoría de la imposición - VII. El arte de la hacienda pública - VIII. Ideales impositivos - IX. El método de análisis de los impuestos - X. La incidencia de los impuestos parciales sobre el coste - XI. Impuestos sobre los bienes capitales - XII. Impuestos generales sobre la renta y los beneficios - XIII. Contribución e impuestos sobre el capital - XIV. Otros impuestos de efectos generales - XV. La teoría de la imposición local - XVI. La incidencia de la tributación y el gasto británicos - Tercera parte: La hacienda pública en la economía nacional - XVII. La hacienda pública y el nivel de actividad - XVIII. La planificación de la inversión pública - XIX. Política de créditos y deuda píblica - XX. El futuro de la contabilidad pública | ||
| 942 | _cBK | ||
| 590 | _aniveau_biblio:m niveau_hierar:0 | ||
| 100 | 1 | _aHicks, Ursula K. | |
| 700 | 1 | _aVillar Palasi, José Luis | |
| 700 | 1 | _aDe Torres, Manuel | |
| 999 |
_c5543 _d5543 |
||